|
|
|
|
| LEADER |
00000caa a2200000 c 4500 |
| 001 |
113312710X |
| 003 |
DE-627 |
| 005 |
20260122143340.0 |
| 007 |
tu |
| 008 |
971215s1965 xx ||||| 00| ||ger c |
| 035 |
|
|
|a (DE-627)113312710X
|
| 035 |
|
|
|a (DE-576)063127105
|
| 035 |
|
|
|a (DE-599)BSZ063127105
|
| 040 |
|
|
|a DE-627
|b ger
|c DE-627
|e rakwb
|
| 041 |
|
|
|a ger
|
| 100 |
1 |
|
|a Würtenberger, Thomas
|d 1907-1989
|e VerfasserIn
|0 (DE-588)117375462
|0 (DE-627)07880552X
|0 (DE-576)291339603
|4 aut
|
| 109 |
|
|
|a Würtenberger, Thomas 1907-1989
|a Würtenberger, Thomas Emil 1907-1989
|
| 245 |
1 |
0 |
|a Cesare Beccaria und die Strafrechtsreform
|c von Thomas Würtenberger
|
| 264 |
|
1 |
|c [1965]
|
| 336 |
|
|
|a Text
|b txt
|2 rdacontent
|
| 337 |
|
|
|a ohne Hilfsmittel zu benutzen
|b n
|2 rdamedia
|
| 338 |
|
|
|a Band
|b nc
|2 rdacarrier
|
| 689 |
0 |
0 |
|d p
|0 (DE-588)118855263
|0 (DE-627)13636425X
|0 (DE-576)160748593
|a Beccaria, Cesare
|d 1735-1793
|2 gnd
|
| 689 |
0 |
|
|5 (DE-627)
|
| 700 |
1 |
|
|a Beccaria, Cesare
|d 1735-1793
|e ErwähnteR
|0 (DE-588)118855263
|0 (DE-627)13636425X
|0 (DE-576)160748593
|4 oth
|
| 773 |
0 |
8 |
|i Enthalten in
|t Erinnerungsgabe für Max Grünhut, (1893 - 1964)
|b 1. Aufl.
|d Marburg : Elwert, 1965
|g (1965), Seite 199-212
|h 235 S.
|w (DE-627)1072322587
|w (DE-576)002322587
|7 nnam
|
| 773 |
1 |
8 |
|g year:1965
|g pages:199-212
|
| 889 |
|
|
|w (DE-627)528921002
|
| 935 |
|
|
|i mdedup
|
| 951 |
|
|
|a AR
|
| ELC |
|
|
|b 1
|
| LOK |
|
|
|0 000 xxxxxcx a22 zn 4500
|
| LOK |
|
|
|0 001 2780105445
|
| LOK |
|
|
|0 003 DE-627
|
| LOK |
|
|
|0 004 113312710X
|
| LOK |
|
|
|0 005 20260109143249
|
| LOK |
|
|
|0 008 140113||||||||||||||||ger|||||||
|
| LOK |
|
|
|0 040
|a DE-21-110
|c DE-627
|d DE-21-110
|
| LOK |
|
|
|0 689
|a s
|a Strafrechtsreform
|
| LOK |
|
|
|0 689
|a p
|a Beccaria, Cesare
|
| LOK |
|
|
|0 852
|a DE-21-110
|
| LOK |
|
|
|0 852 1
|m p
|9 00
|
| LOK |
|
|
|0 935
|a k110
|
| LOK |
|
|
|0 938
|k p
|
| LOK |
|
|
|0 939
|a 13-01-14
|b l01
|
| ORI |
|
|
|a SA-MARC-krimdoka001.raw
|